000 00776nam a22002297a 4500
003 OSt
005 20230712090711.0
008 221006b |||||||| |||| 00| 0 eng d
040 _cBiblioteca Lado V
082 _a701.18
_bB914r
100 _9882
_aBruzzone, Gustavo A.
_eeditor
245 _aRamona/
_bRevista de artes visuales/
260 _c2005
_bFundacion START
_aArgentina
300 _c16x23cm
_a98p.
490 _v2005
_a53
650 _2Tesauro de Arte & Arquitectura
_aARTE VISUAL
650 _2Tesauro de Arte & Arquitectura
_aANALISIS
650 _2Tesauro de Arte & Arquitectura
_aCRITICA
650 _2Tesauro de Arte & Arquitectura
_aCULTURA
651 _2Tesauro de Arte & Arquitectura
_aARGENTINA
942 _2ddc
_c1
_h701.18
_iB914r
_n0
999 _c4019
_d4019